Mots valides au Scrabble - Mort subite - Statistiques

Statistiques générales
  • Ce quiz a été pris 378 fois
  • Le résultat moyen est 2 sur 16
Answers on the Grid
Answers color-coded by a green-red scale on the quiz's grid according to % correct below.
AVOIRDUPOIDS
STABILO
SOPALIN
TIPEX
PADAWAN
NO
YES
OUAOUARON
BERNARD
GLOUGLOU
LALALA
WESH
SHURIKEN
NUNCHAKU
VERSAILLES
LONDRES
TOURDEMAIN
HMM
MMM
IQALUMMIUQ
PAOHEOHE
WOLVERINE
POTPOURRI
POTAUFEU
JANTILLE
OREZ
HOLLYWOODIEN
NEWYORKAIS
SCRABBLE
UNO
GOODWILL
SALSIFI
 
Statistiques - réponses
Réponse % Correct
SOPALIN
35%
AVOIRDUPOIDS
26%
NO
22%
SCRABBLE
19%
GLOUGLOU
16%
WESH
16%
LONDRES
12%
HOLLYWOODIEN
10%
NUNCHAKU
10%
LALALA
9%
OUAOUARON
8%
JANTILLE
6%
POTPOURRI
5%
MMM
4%
GOODWILL
3%
IQALUMMIUQ
1%
Aucun quiz correspondant
Distribution des résultats
% des personnes avec chaque résultat
Percentile par nombre de réponses
Votre historique - résultats
Vous n’avez pas pris ce quiz